| 000 | 01662nam a2200397 a 4500 | ||
|---|---|---|---|
| 001 | ebr10461322 | ||
| 003 | CaPaEBR | ||
| 006 | m u | ||
| 007 | cr cn||||||||| | ||
| 008 | 071126s2008 ne abd sb 001 0 eng d | ||
| 010 | _z 2007048465 | ||
| 020 | _z9789004163614 (hardback : alk. paper) | ||
| 020 | _z9004163611 (hardback : alk. paper) | ||
| 020 | _z9789047432173 (e-book) | ||
| 040 |
_aCaPaEBR _cCaPaEBR |
||
| 035 | _a(OCoLC)711004337 | ||
| 043 | _aa-ce--- | ||
| 050 | 1 | 4 |
_aHD9195.S662 _bW46 2008eb |
| 100 | 1 | _aWenzlhuemer, Roland. | |
| 245 | 1 | 0 |
_aFrom coffee to tea cultivation in Ceylon, 1880-1900 _h[electronic resource] : _ban economic and social history / _cby Roland Wenzlhuemer. |
| 260 |
_aLeiden ; _aBoston, Mass. : _bBrill, _c2008. |
||
| 300 |
_axxii, 336 p. : _bill., maps. |
||
| 490 | 1 |
_aBrill's Indological library, _x0925-2916 ; _vv. 29 |
|
| 504 | _aIncludes bibliographical references (p. [319]-325) and index. | ||
| 533 |
_aElectronic reproduction. _bPalo Alto, Calif. : _cebrary, _d2013. _nAvailable via World Wide Web. _nAccess may be limited to ebrary affiliated libraries. |
||
| 650 | 0 |
_aCoffee industry _zSri Lanka _xHistory. |
|
| 650 | 0 |
_aTea trade _zSri Lanka _xHistory. |
|
| 650 | 0 |
_aAgriculture _xEconomic aspects _zSri Lanka. |
|
| 651 | 0 |
_aSri Lanka _xEconomic conditions. |
|
| 651 | 0 |
_aSri Lanka _xSocial conditions. |
|
| 651 | 0 |
_aSri Lanka _xCommerce. |
|
| 655 | 7 |
_aElectronic books. _2local |
|
| 710 | 2 | _aebrary, Inc. | |
| 830 | 0 |
_aBrill's Indological library ; _vv. 29. |
|
| 856 | 4 | 0 |
_uhttp://site.ebrary.com/lib/rucke/Doc?id=10461322 _zAn electronic book accessible through the World Wide Web; click to view |
| 999 |
_c130223 _d130223 |
||